OPAC Home

Tunsarananisansa (Record no. 77850)

MARC details
000 -LEADER
fixed length control field 00427nam a2200181Ia 4500
003 - CONTROL NUMBER IDENTIFIER
control field LK-CoDNM
008 - FIXED-LENGTH DATA ELEMENTS--GENERAL INFORMATION
fixed length control field t xxu||||| |||| 00| 0 sin d
040 ## - CATALOGING SOURCE
Original cataloging agency LK-CoDNM
Modifying agency LK-CoDNM
Description conventions LK-CoDNM
080 ## - UNIVERSAL DECIMAL CLASSIFICATION NUMBER
Universal Decimal Classification number 6.M.8
041 ## - LANGUAGE CODE
Language code of text/sound track or separate title sin
--
245 ## - TITLE STATEMENT
Title Tunsarananisansa
300 ## - PHYSICAL DESCRIPTION
Extent Palm leaf,Foll 5,14in.x1 3/4in.
500 ## - GENERAL NOTE
General note A treatise on the 3 refuges
650 ## - SUBJECT ADDED ENTRY--TOPICAL TERM
Topical term or geographic name entry element Buddha
650 ## - SUBJECT ADDED ENTRY--TOPICAL TERM
Topical term or geographic name entry element Dhamma
650 ## - SUBJECT ADDED ENTRY--TOPICAL TERM
Topical term or geographic name entry element Sangha
942 ## - ADDED ENTRY ELEMENTS (KOHA)
Koha item type Palm Leaf
Holdings
Withdrawn status Lost status Damaged status Not for loan Collection Home library Current library Date acquired Full call number Date last seen Price effective from Koha item type
        Ola Leaf Collection Library National Museum Colombo - Sri Lanka Library National Museum Colombo - Sri Lanka 2023-07-14 6.M.8 2023-07-14 2023-07-14 Palm Leaf
Copyright © 2023 Department of National Museum, Colombo 07, Sri Lanka Funded by UNESCO IFAP UNESCO